| 000 | 01180cam a2200385 4500 | ||
|---|---|---|---|
| 001 | 22680 | ||
| 003 | SK-KTurca | ||
| 005 | 20260415152158.0 | ||
| 008 | 230313s2022 xo g 010 f slo | ||
| 015 | _aSNBA2023/03 | ||
| 020 |
_a9788081720482 _q(viazané) |
||
| 040 |
_aSNK _bslo _cSNK _erda |
||
| 041 | 1 |
_aslo _hdan |
|
| 044 |
_axo _cSK |
||
| 072 | 7 |
_a821.11 _xGermánske literatúry _2konspekt |
|
| 080 |
_a821.113.4-31 _22011 |
||
| 080 |
_a(0:82-312.4) _22011 |
||
| 100 | 1 |
_aAdler-Olsen, Jussi, _d1950- _4aut |
|
| 240 | 1 | 0 |
_aFasandraeberne _lSlovensky |
| 245 | 1 | 0 |
_aZabijaci _cJussi Alder-Olsen |
| 264 | 1 |
_aBratislava _bAktuell _c2022 |
|
| 300 |
_a339 strán _c24 cm |
||
| 336 |
_atext _btxt _2rdacontent |
||
| 337 |
_abez média _bn _2rdamedia |
||
| 338 |
_azväzok _bnc _2rdacarrier |
||
| 500 | _aZ dánčiny preložili Milan Žitný a Silvia Šebová | ||
| 655 | 7 |
_adánske romány _2SNKPH |
|
| 655 | 7 |
_adetektívne romány _2SNKPH |
|
| 655 | 7 |
_aDanish fiction _2SNKPHeng |
|
| 655 | 7 |
_aDetective novels _2SNKPHeng |
|
| 700 | 1 |
_aŽitný, Milan, _d1948-2019 _4trl |
|
| 700 | 1 |
_aŠebová, Silvia _4trl |
|
| 787 | 0 | 8 |
_iZo série: _tOddelenie Q _g2 |
| 942 |
_2ddc _cKLDO _n0 |
||
| 999 |
_c22680 _d22680 |
||